000 00381nam a2200157 i 4500
001 bg
100 1 _aDE |SY, A.
245 0 _aTraite de metallurgie structurale theorique et appliquee /
_cpar A. De Sy.
260 _aParis,
_c1968.
700 1 _aVIDTS, Julien
040 _cBPK
041 _apol
080 _a669.017
942 _cKS
008 s pl f |000 0 pol
999 _c7855
_d7855
856 _uhttp://koha.tu.koszalin.pl/cgi-bin/koha/opac-detail.pl?biblionumber=7855
_yKatalog online BPK